Futures, options and swaps (Record no. 1239835)

MARC details
000 -LEADER
fixed length control field 00507nam a2200181Ia 4500
005 - DATE AND TIME OF LATEST TRANSACTION
control field 20250317120658.0
008 - FIXED-LENGTH DATA ELEMENTS--GENERAL INFORMATION
fixed length control field 008 250317s9999 xx 000 0 eng d
040 ## - CATALOGING SOURCE
Original cataloging agency FMSL
Language of cataloging eng
Transcribing agency FMSL
041 ## - LANGUAGE CODE
Language code of text/sound track or separate title eng
Source of code eng
084 ## - COLON CLASSIFICATION NUMBER
Classification number X:8D P3;3
Assigning agency FMSL
100 ## - MAIN ENTRY--PERSONAL NAME
Personal name Kolb R W
9 (RLIN) 295697
245 #0 - TITLE STATEMENT
Title Futures, options and swaps
260 ## - PUBLICATION, DISTRIBUTION, ETC.
Place of publication, distribution, etc. United Kingdom
Name of publisher, distributor, etc. United Kingdom, Black Well
Date of publication, distribution, etc. 2003
300 ## - PHYSICAL DESCRIPTION
Extent 156p
942 ## - ADDED ENTRY ELEMENTS (KOHA)
Koha item type Textbook
Classification part X:8D P3;3

No items available.

Copyright @ Delhi University Library System